[Event "Szolnok Agora op 2nd"]
[Site "Szolnok"]
[Date "2023.06.29"]
[Round "1"]
[White "Nagy, Gabor2222"]
[Black "Radocz, Tamas Oliver"]
[Result "1-0"]
[WhiteElo "1853"]
[BlackElo "1295"]
[PlyCount "51"]
[EventDate "2023.06.29"]
[EventType "swiss"]
[EventRounds "7"]
[EventCountry "HUN"]
[SourceTitle "EXT 2024"]
[Source "ChessBase"]
[SourceDate "2023.10.10"]
[SourceVersion "1"]
[SourceVersionDate "2023.10.10"]
[SourceQuality "1"]

1. e4 e5 2. Nf3 Nc6 3. d4 exd4 4. Nxd4 Bc5 5. Be3 Qe7 6. Nc3 Bxd4 7. Bxd4 Nxd4 8. Qxd4 Nf6 9. 0-0-0 0-0 10. e5 Ne8 11. Nd5 Qd8 12. f4 d6 13. Bd3 dxe5 14. Qxe5 Nd6 15. Qh5 h6 16. g4 c6 17. Ne3 Re8 18. Ng2 Qf6 19. g5 hxg5 20. fxg5 g6 21. gxf6 gxh5 22. Nf4 Re5 23. Rhg1+ Kh8 24. Be2 Bg4 25. Bxg4 hxg4 26. Rxd6 1-0